| 000 | 00601nam a2200193 4500 | ||
|---|---|---|---|
| 001 | 119024 | ||
| 003 | ES-MaACL | ||
| 005 | 20240611125736.0 | ||
| 007 | t| | ||
| 008 | 070214s1973 sp r ||||1| spa d | ||
| 100 | 1 |
_aPicasso, Pablo, _d1881-1973 _991794 |
|
| 245 | 1 | 4 |
_aLas cuatro niñitas _b: obra en seis actos / _cPablo Picasso ; traducción de María Teresa León. |
| 250 | _a1ª ed. | ||
| 260 |
_aMadrid : _bAguilar, _c1973. |
||
| 300 |
_a58 p. ; _c20 cm. |
||
| 700 | 1 |
_aLeón, María Teresa, _d1903-1988 _971586 |
|
| 852 |
_aES-MaACL _jE-5012 _bR.88446 |
||
| 999 |
_c119024 _d119024 |
||